000 00277nam a22001217a 4500
008 170613b xxu||||| |||| 00| 0 eng d
041 _aeng
080 _a32
100 _a19
101 _aSHP
245 _aITALY AND THE LOOK TO THE FUTURE
_cNAPOLITANO.G
942 _2udc
_cBK
999 _c17120
_d17120